ბათუმის შოთა რუსთაველის სახელმწიფო უნივერსიტეტის ბიბლიოთეკა

Вестник дверней истории. №2.2013. (ბიბ.ჩანაწერი № 40905)

000 -LEADER
fixed length control field 00531nam a2200181Ia 4500
001 - CONTROL NUMBER
control field 7549
003 - CONTROL NUMBER IDENTIFIER
control field GE_BSU
008 - FIXED-LENGTH DATA ELEMENTS--GENERAL INFORMATION
fixed length control field 181216s||||||||xx |||||||||||||| ||und||
040 ## - CATALOGING SOURCE
Transcribing agency GE_BSU
245 ## - TITLE STATEMENT
Title Вестник дверней истории. №2.2013.
245 ## - TITLE STATEMENT
Statement of responsibility, etc. Гл.ред.А.И.Иванчик и др.
260 ## - PUBLICATION, DISTRIBUTION, ETC.
Place of publication, distribution, etc. Москва.
260 ## - PUBLICATION, DISTRIBUTION, ETC.
Name of publisher, distributor, etc. НАУКА.
260 ## - PUBLICATION, DISTRIBUTION, ETC.
Date of publication, distribution, etc. 2013.Апрель-Май-Июнь.
300 ## - PHYSICAL DESCRIPTION
Extent 255ст.24см.
520 ## - SUMMARY, ETC.
Summary, etc. журнал выход четыре раза в год.
942 ## - ADDED ENTRY ELEMENTS (KOHA)
Koha item type პერიოდიკა
ეგზემპლარები
Withdrawn status Lost status Damaged status Not for loan Date acquired Barcode Date last seen Price effective from Koha item type
        2018-12-17 p75705 2018-12-17 2018-12-17 პერიოდიკა